00177nam a2200073Ia 4500008004100000100001400041245002600055260002200081190216s9999||||xx |||||||||||||| ||und|| aPanse V G 0aPachila Vala Prayogam bKerala Basha Inst